000 00636nam a2200265Ia 4500
005 20260320203158.0
008 008 262003s9999 xx 000 0 eng d
020 _a978-981-99-2397-7
037 _aEBOOK
040 _aCRL
040 _beng
040 _cCRL
041 _2eng
041 _aeng
084 _qCRL
100 _aKamlesh Singh, Gaurav Saxena
_91136977
245 0 _aReligious and Spiritual Practices in India
260 _bSpringer
260 _c2023
650 _aPhilosophy
856 _uhttps://doi.org/10.1007/978-981-99-2397-7
942 _cEBOOK
999 _c1725651
_d1725651